| Tag |
First Indicator |
Second Indicator |
Subfields |
| LEADER |
00000cam a2200000 4500 |
| 001 |
in00003824511 |
| 005 |
20190415190306.0 |
| 006 |
m o d |
| 007 |
cr |n||||||||n |
| 008 |
901205s1702 enk|||| o 00||||eng c |
| 035 |
|
|
|a (CU-RivES)T202445
|
| 035 |
|
|
|a (Uk-ES)006296979
|
| 035 |
|
|
|a (OCoLC)509732169
|
| 040 |
|
|
|a Uk-ES
|c Uk-ES
|d CU-RivES
|d CStRLIN
|d Cengage Gale
|d UtOrBLW
|
| 100 |
1 |
|
|a Paye, Edward,
|d active 1701.
|
| 240 |
1 |
0 |
|a Rector corrected.
|p Part 2
|
| 245 |
1 |
4 |
|a The rector corrected; his errors detected, and the truth defended :
|b The second part. In answer to Mr. Peck's second letter, to disswade from the errors of the anabaptists.
|
| 264 |
|
3 |
|a London :
|b Printed and sold by M. Fabian at Mercers-Chappel in Cheapside,
|c 1702.
|
| 300 |
|
|
|a 1 online resource (43, 1 unnumbered pages)
|
| 336 |
|
|
|a text
|b txt
|2 rdacontent
|
| 337 |
|
|
|a computer
|b c
|2 rdamedia
|
| 338 |
|
|
|a online resource
|b cr
|2 rdacarrier
|
| 500 |
|
|
|a Signed: Edward Paye.
|
| 510 |
4 |
|
|a English Short Title Catalog,
|c T202445.
|
| 500 |
|
|
|a Reproduction of original from Bodleian Library (Oxford).
|
| 500 |
|
|
|a Electronic resource.
|
| 650 |
|
0 |
|a Anabaptists
|z England
|v Early works to 1800.
|
| 655 |
|
7 |
|a Electronic books.
|2 local
|
| 710 |
2 |
|
|a Gale (Firm)
|0 http://id.loc.gov/authorities/names/no2008071348
|
| 752 |
|
|
|a Great Britain
|b England
|d London.
|
| 856 |
4 |
0 |
|u http://proxy.library.tamu.edu/login?url=http://find.galegroup.com/ecco/infomark.do?contentSet=ECCOArticles&docType=ECCOArticles&bookId=1645101200&type=getFullCitation&tabID=T001&prodId=ECCO&docLevel=TEXT_GRAPHICS&version=1.0&source=library&userGroupName=txshracd2898
|z Connect to the full text of this electronic book
|t 0
|
| 999 |
f |
f |
|s a09368f6-173e-36e9-b565-254047318877
|i ad46fc8e-5d57-3771-836f-8949ff1e8f35
|t 0
|
| 952 |
f |
f |
|a Texas A&M University
|b College Station
|c Electronic Resources
|d Available Online
|t 0
|h No information provided
|
| 998 |
f |
f |
|t 0
|l Available Online
|